000 00551nam a22001817a 4500
999 _c61784
_d61784
005 20240502125743.0
008 240502s2005 enk||||| |||| 00| 0 eng d
020 _a9780198566236x
041 _aeng
080 _a616.31 S-42
100 _aScully, Crispian
_922046
245 _aOxford Handbook of Dental Patient Care /
_cCrispian Scully.
264 _a‎ Oxford :
_bOxford University Press,
_c2005.
300 _a751 p.:
_bill.;
_c19 cm.
653 _aსტომატოლოგია
653 _aმედიცინა
942 _2udc
_cBK